Jeux Olympiques 1924 - Pays participants - Statistiques

Statistiques générales
  • Ce quiz a été pris 20 fois
  • Le résultat moyen est 51 sur 55
Réponses sur la Carte
Les réponses sont colorées sur une échelle allant du rouge au vert en fonction du pourcentage des utilisateurs qui les ont devinées à leur premier essai. Vous pouvez retrouver ces pourcentages ci-dessous.
 
Statistiques - réponses
Nombre d'athlètes Pays % Correct
77 Argentine
100%
37 Australie
100%
172 Belgique
100%
12 Brésil
100%
24 Bulgarie
100%
65 Canada
100%
89 Danemark
100%
129 Espagne
100%
299 Etats-Unis
100%
90 Finlande
100%
401 France
100%
26 Grèce
100%
89 Hongrie
100%
39 Irlande
100%
200 Italie
100%
41 Lettonie
100%
15 Mexique
100%
62 Norvège
100%
65 Pologne
100%
30 Portugal
100%
51 Roumanie
100%
267 Royaume-Uni
100%
108 Suède
100%
75 Suisse
100%
70 Tchécoslovaquie
100%
Tchécoslovaquie
100%
49 Autriche
94%
11 Chili
94%
44 Estonie
94%
13 Lituanie
94%
153 Pays-Bas
94%
09 Cuba
89%
33 Egypte
89%
07 Inde
89%
Inde
89%
Inde
89%
Inde
89%
09 Japon
89%
04 Nouvelle-Zélande
89%
31 Turquie
89%
37 Yougoslavie
89%
Yougoslavie
89%
Yougoslavie
89%
Yougoslavie
89%
Yougoslavie
89%
Yougoslavie
89%
Yougoslavie
89%
30 Afrique du Sud
83%
Afrique du Sud
83%
31 Uruguay
83%
22 Luxembourg
78%
03 Equateur
72%
08 Haïti
72%
07 Monaco
67%
01 Philippines
50%
Aucun quiz correspondant
Distribution des résultats
% des personnes avec chaque résultat
Percentile par nombre de réponses
Votre historique - résultats
Vous n’avez pas pris ce quiz